Physics for scientists and engineers with modern physics (Record no. 396394)

MARC details
000 -LEADER
fixed length control field 00548 a2200205 4500
005 - DATE & TIME
control field 20260417115027.0
008 - FIXED-LENGTH DATA ELEMENTS--GENERAL INFORMATION
fixed length control field 260416b |||||||| |||| 00| 0 eng d
020 ## - ISBN
International Standard Book Number 9789355739223
Price Rs. 1685.00
040 ## - CATALOGING SOURCE
Original cataloging agency VIVEKANANDA LIBRARY
082 ## - DDC NUMBER
Classification number 530
Book Number S69P(10)
100 ## - MAIN ENTRY--PERSONAL NAME
Personal name Serway, Raymond A
245 ## - TITLE STATEMENT
Title Physics for scientists and engineers with modern physics
250 ## - EDITION STATEMENT
Edition statement 10th
260 ## - PUBLICATION, DISTRIBUTION, ETC. (IMPRINT)
Name of publisher, distributor, etc Cengage Learning India
Date of publication, distribution, etc 2024
Place of publication, distribution, etc Delhi
300 ## - PHYSICAL DESCRIPTION
Pages xxvi, 1257
650 ## - Subject
Subject Physics
650 ## - Subject
Subject Natural Sciences
700 ## - Added Entry Personal Name
Added Entry Personal Name Jewett, John W
942 ## - ADDED ENTRY ELEMENTS (KOHA)
Koha item type Books
Holdings
Withdrawn status Lost status Source of classification or shelving scheme Damaged status Not for loan Location (home branch) Sublocation or collection (holding branch) Shelving location Date acquired Koha issues (times borrowed) Koha full call number Accession No. Koha date last seen Koha item type
    Dewey Decimal Classification     VIVEKANANDA LIBRARY VIVEKANANDA LIBRARY Vivekananda Library 24/03/2026   530 S69P(10) 438889 24/03/2026 Books
© Designed and Maintained by Vivekananda Library, MDU Rohtak